00337nam a2200085 4500100002500000245017000025260002900195300000700224650002000231 aVidarshaka Cota,M.S. aA Computational Study on the Inhibition of MCL-I Anti- Apoptotic Protein to Activate Apoptosis in Cancer Cells via Commercially Available Natural Product Derivatives aRajagiriyabICHEMCc2018 a63 aNatural Product